000 00496nam a2200145Ia 4500
008 100204s9999 xx 000 0 und d
082 _b8365
100 _aजगदीश सी.
245 _aसौभाग्यकांक्षिणी
260 _b"सुरस प्रकाशन , सोलापूर"
_c1986
300 _a91
630 _aसौभाग्यकांक्षिणी
730 _aसौभाग्यकांक्षिणी
942 _cBOOK
999 _c452801
_d452798